LIBRARY & INFORMATION CENTRE, KCAET, TAVANUR

ONLINE PUBLIC ACCESS CATALOGUE (OPAC)

Introduction to Kerala studies, Vol.2 (Record no. 13887)

MARC details
000 -LEADER
fixed length control field 00406nam a22001337a 4500
020 ## - INTERNATIONAL STANDARD BOOK NUMBER
ISBN 9780615454658
082 ## - DEWEY DECIMAL CLASSIFICATION NUMBER
Classification number 089.54
Item number VIL/IN
245 ## - TITLE STATEMENT
Title Introduction to Kerala studies, Vol.2
260 ## - PUBLICATION, DISTRIBUTION, ETC. (IMPRINT)
Place of publication New Jersey, USA
Name of publisher International Institute for Scientific and Academic collaboration, Inc.
Year of publication 2012
700 ## - ADDED ENTRY--PERSONAL NAME
Personal name Vilanilam, J.V
700 ## - ADDED ENTRY--PERSONAL NAME
Personal name Antony Palackal
700 ## - ADDED ENTRY--PERSONAL NAME
Personal name Sunny Luke
942 ## - ADDED ENTRY ELEMENTS (KOHA)
Koha item type Reference
Holdings
Withdrawn status Lost status Damaged status Collection code Home library Current library Shelving location Date acquired Source of acquisition Full call number Accession Number Koha item type
      Reference KAUAET KAUAET Reference 30/03/2013 Calicut Book Distributors 089.54 VIL/IN 23707 Reference
free website counter